Desire : (Record no. 9047)

MARC details
000 -LEADER
fixed length control field 01423cam a22003251a 4500
003 - CONTROL NUMBER IDENTIFIER
control field EG-ScBUE
005 - DATE AND TIME OF LATEST TRANSACTION
control field 20200112122653.0
008 - FIXED-LENGTH DATA ELEMENTS--GENERAL INFORMATION
fixed length control field 190729s1994 enka f b 001 0deng d
020 ## - INTERNATIONAL STANDARD BOOK NUMBER
International Standard Book Number 0631168141
020 ## - INTERNATIONAL STANDARD BOOK NUMBER
International Standard Book Number 9780631168140
040 ## - CATALOGING SOURCE
Original cataloging agency EG-ScBUE
Language of cataloging eng
Description conventions rda
Transcribing agency EG-ScBUE
Modifying agency EG-ScBUE
082 04 - DEWEY DECIMAL CLASSIFICATION NUMBER
Classification number 809.93354
Item number BEL
Edition number 22
100 1# - MAIN ENTRY--PERSONAL NAME
Personal name Belsey, Catherine,
Relator term author.
245 10 - TITLE STATEMENT
Title Desire :
Remainder of title love stories in Western culture /
Statement of responsibility, etc Catherine Belsey.
264 #1 - PUBLICATION, DISTRIBUTION, ETC. (IMPRINT)
Place of publication, distribution, etc Oxford, UK ;
-- Cambridge :
Name of publisher, distributor, etc Blackwell,
Date of publication, distribution, etc 1994.
300 ## - PHYSICAL DESCRIPTION
Extent x, 232 pages :
Other physical details illustrations ;
Dimensions 24 cm
336 ## - CONTENT TYPE
Source rdacontent
Content type term text
Content type code txt
337 ## - MEDIA TYPE
Source rdamedia
Media type term unmediated
Media type code n
338 ## - CARRIER TYPE
Source rdacarrier
Carrier type term volume
Carrier type code nc
500 ## - GENERAL NOTE
General note Distributer: Al-Ahram.
504 ## - BIBLIOGRAPHY, ETC. NOTE
Bibliography, etc Includes bibliographical references and index.<br/>
520 ## - SUMMARY, ETC.
Summary, etc In the light of poststructuralist theory, and with reference to the work of Lacan and Derrida in particular, Catherine Belsey argues that fiction -- including poetry, drama and film -- is paradoxically the most serious location of writing about desire in Western cultura.
590 ## - LOCAL NOTE (RLIN)
Local note mahmoud sami
650 #7 - SUBJECT ADDED ENTRY--TOPICAL TERM
Topical term or geographic name as entry element English literature
General subdivision History and criticism
-- Theory, etc.
Source of heading or term BUEsh
9 (RLIN) 39793
650 #7 - SUBJECT ADDED ENTRY--TOPICAL TERM
Topical term or geographic name as entry element Romance fiction, English
General subdivision History and criticism.
Source of heading or term BUEsh
650 #7 - SUBJECT ADDED ENTRY--TOPICAL TERM
Topical term or geographic name as entry element Arthurian romances
General subdivision History and criticism.
Source of heading or term BUEsh
653 ## - INDEX TERM--UNCONTROLLED
Resource For college Humanities: English
Arrived date list January2020
655 ## - INDEX TERM--GENRE/FORM
Form subdivision Reading book
942 ## - ADDED ENTRY ELEMENTS (KOHA)
Koha item type Book - Borrowing
Call number prefix 809.93354 BEL
Source of classification or shelving scheme Dewey Decimal Classification
Holdings
Withdrawn status Lost status Source of classification or shelving scheme Damaged status Not for loan Collection code Home library Current library Shelving location Date acquired Source of acquisition Total Checkouts Full call number Barcode Date last seen Price effective from Koha item type
    Dewey Decimal Classification     Baccah Central Library Central Library Second Floor 07/04/2008 Purchase 1 809.93354 BEL 000010929 15/07/2025 07/04/2008 Book - Borrowing